Top 5 Countries that produces ... #20 (romantic special) - Statistics

General Stats
  • This quiz has been taken 68 times
  • The average score is 25 of 30
Answer Stats
Answer % Correct
United States
100%
United States
100%
United States
100%
United States
100%
China
98%
China
98%
Brazil
97%
France
97%
France
97%
French Polynesia
97%
Japan
97%
Italy
95%
Italy
95%
Netherlands
93%
Netherlands
93%
Spain
92%
Germany
90%
Germany
90%
Germany
90%
India
90%
Belgium
88%
Switzerland
88%
Australia
78%
Poland
67%
Sweden
58%
Denmark
57%
Ireland
42%
Singapore
37%
United Arab Emirates
35%
United Arab Emirates
35%
No matching quizzes found
Score Distribution
Percent of People with Each Score
Percentile by Number Answered
Your Score History
You have not taken this quiz